Frank Ocean Songs: Sudden Death - Statistics

General Stats
  • This quiz has been taken 737 times
  • The average score is 6 of 20
Answers on the Grid
Answers color-coded by a green-red scale on the quiz's grid according to % correct below.
Ivy
Pyramids
She
Facebook Story
Get You
Pink Matter
Slide
Dear May
Moon River
Seigfried
Astro
Sweet Life
Monks
Yonkers
Not Just Money
In My Room
American Wedding
We All Try
No Church In The Wild
Nikes
Skyline To
Slater
Swim Good
DHL
Pink + White
Purity
End
Snow White
Futura Free
Soul Calibur
 
Answer Stats
Answer % Correct
Ivy
98%
Pyramids
91%
Pink Matter
54%
Pink + White
36%
Moon River
34%
Seigfried
34%
Nikes
33%
Skyline To
28%
Sweet Life
28%
Facebook Story
27%
American Wedding
26%
In My Room
26%
Monks
20%
Futura Free
19%
Swim Good
19%
End
15%
DHL
13%
Not Just Money
8%
We All Try
7%
Soul Calibur
5%
No matching quizzes found
Score Distribution
Percent of People with Each Score
Percentile by Number Answered
Your Score History
You have not taken this quiz